| 000 | 00416cam a2200169ua 4500 | ||
|---|---|---|---|
| 020 | _c6.50 | ||
| 041 |
_ahin _h |
||
| 082 |
_a891.54 _bBHA/GO |
||
| 100 | _aBhagvati Prasad, Vajpay . | ||
| 245 |
_aGomati ke tad par / _cBhagavati Prasad Vajpay. _hTextual Documents |
||
| 260 |
_a : _bBansal and company , _c1997. |
||
| 300 | _a323 ; . | ||
| 365 | _a6.50 | ||
| 504 | _a | ||
| 942 | _cBK | ||
| 999 |
_c8060 _d8060 |
||